Nuevas confesiones de un autor dramático

Uloženo v:
Podrobná bibliografie
Hlavní autor: Lenormand, H. R (Autor)
Médium: Kniha
Jazyk:španělština
Vydáno: Buenos Aires Sudamericana 1957
Témata:
Tagy: Přidat tag
Žádné tagy, Buďte první, kdo vytvoří štítek k tomuto záznamu!

MARC

LEADER 00000nam a2200000 a 4500
001 UCU4894
003 CL-VaPUC
008 960531e19570000AG |||||||||||||||||spa|d
082 0 4 |a 842.09  |b LEN  |2 21 
100 |a Lenormand, H. R  |e author  |9 362621 
245 1 0 |a Nuevas confesiones de un autor dramático 
300 |a 369 p 
942 |c BK 
945 |d 19960531 00:00:00  |a rbrito 
260 |a Buenos Aires  |b Sudamericana  |c 1957 
650 0 |a Teatro francés  |9 265089 
650 0 |a Historia y crítica   |9 257407 
650 0 |a Autobiografías   |9 265171 
650 7 |a CRITICA TEATRAL  |2 CL-VaPUC  |9 321641 
583 |a last modification  |c 19960531 00:00:00  |k Rodrigo Vera 
999 |c 248422  |d 248420 
952 |0 0  |1 0  |4 0  |6 842_090000000000000_LEN_1957  |7 0  |8 A  |9 265036  |a BIBEDU  |b BIBEDU  |d 2019-11-19  |i 310088K  |o 842.09 LEN 1957  |p 310088K  |r 2019-11-19  |w 2019-11-19  |y BK  |k LIT